000 00340 a2200157 4500
001 195233
020 _a978-85-45559-35-1
040 _cMagnum
100 _aCollodi, Carlo
240 1 0 _aPinĂ³quio reciclado
_l
245 1 0 _aPinĂ³quio reciclado
300 _a41
362 0 _a2018
697 _aLITERATURA INFANTO-JUVENIL
942 _cBK
999 _c195233
_d195233